000 00971nam a2200277Ia 4500
003 GCL
008 140319s9999 xx 000 0 ara d
020 _a7684299953
040 _aGCL /
_cGCL
082 0 4 _a354.45
_bهـ غ
100 1 _aمازن الجندلى
245 1 0 _aغروب الطاقة :
_bالخيارات والمسارات فى عالم ما بعد البترول /
_cمازن الجندلى
700 1 _aهاينبرج، ريتشارد
250 _aالاولى
260 _aبيروت :
_bالدار العربية للعلوم ،
_c2006
300 _a215 ص ؛
_c24 سم
650 0 4 _aالبترول
650 0 4 _aهندسة الطاقة
650 0 4 _aمصادر الطاقة
650 0 4 _aالغاز الطبيعى
650 0 4 _aالبترول - اقتصاديات
650 0 4 _aالبترول - اتفاقيات
650 0 4 _aالبترول - التنقيب عن
650 0 4 _aالبترول - جيولوجيا
942 _2ddc
_cBK
999 _c9445
_d9445